000 00895nam a22003257a 4500
001 11947979
003 LIBRIS
005 20210426095747.0
008 101018s2007 xx |||| |00| 0 eng d
020 _a9780470050774
035 _a(BOKR)9780470050774
040 _aBOKR
_cDLC
041 _aeng
080 _a005
_bB-35
100 1 _aQuinn, Robert E.
245 1 0 _aBecoming a Master Manager: A Competing Values Approach, 4th Edition
250 _a4. uppl.
260 _bJohn Wiley & Sons,
_c2007
263 _a200609
300 _a379 p. :
_bill
588 _aBOKR: Ursprungligen utgiven av John Wiley & Sons
650 0 _9324
_aManagement
653 _aმართვა
700 1 _aClair, Lynda St.
_4aut
700 1 _aFaerman, Sue R.
_4aut
700 0 _aThomps
_4aut
942 _2udc
_cBK
999 _c1103
_d1103